000 00359nam a22001457a 4500
003 OSt
005 20160727222352.0
008 160622b xxu||||| |||| 00| 0 eng d
040 _cTEST
100 _9412
_aMoore, R. N
245 _aMystery of bthe Secret Code
260 _aCanada
_bHerald Press.
_c1985
300 _aMystery of bthe Secret Code
942 _2ddc
_cBK
999 _c337
_d337